书目信息 |
| 题名: |
易经
|
|
| 作者: | 苏勇 点校 | |
| 分册: | ||
| 出版信息: | 北京 北京大学出版社 1989 |
|
| 页数: | 95页 | |
| 开本: | 20cm | |
| 丛书名: | ||
| 单 册: | ||
| 中图分类: | B221.1 | |
| 科图分类: | ||
| 主题词: | 先秦哲学 | |
| 电子资源: | ||
| ISBN: | 7-301-00761-2 | |
| 000 | 00527nam0 2200193 45 | |
| 001 | 0402171553 | |
| 005 | 20040429144415.8 | |
| 010 | @a7-301-00761-2@dCNY1.95 | |
| 100 | @a20040217d1989 km y0chiy0120 ea | |
| 101 | 0 | @achi |
| 105 | @a z 000yy | |
| 200 | 1 | @a易经@AYi Jing@f苏勇点校@FSu Yong Dian Xiao |
| 210 | @a北京@c北京大学出版社@d1989 | |
| 215 | @a95页@d20cm | |
| 606 | 0 | @a先秦哲学 |
| 690 | @aB221.1@v3 | |
| 701 | 0 | @a苏勇@4点校 |
| 801 | @aCN@bTSTC@c20040217 | |
| 905 | @dB221.1@e126@f1@b249796@b249792-794@f3@f1@b249798 | |
| 易经/苏勇点校.-北京:北京大学出版社,1989 |
| 95页;20cm |
| ISBN 7-301-00761-2:CNY1.95 |
| ● |
| 相关链接 |
|
|
|
|
正题名:易经
索取号:B221.1/126
 
预约/预借
| 序号 | 登录号 | 条形码 | 馆藏地/架位号 | 状态 | 备注 |
| 1 | 0249791 | 001876214 | 密集书库/ [索取号:B221.1/126] | 在馆 | |
| 2 | 0249792 | 000508025 | 密集书库/ [索取号:B221.1/126] | 在馆 | |
| 3 | 0249793 | 000508007 | 第一样本阅览室/ [索取号:B221.1/126] | 在馆 | |
| 4 | 0249794 | 000508016 | 第一借阅区/ [索取号:B221.1/126] | 在馆 | |
| 5 | 0249795 | 001876241 | 密集书库/ [索取号:B221.1/126] | 在馆 | |
| 6 | 0249796 | 000507990 | 第一借阅区/ [索取号:B221.1/126] | 在馆 | |
| 7 | 0249797 | 001876223 | 密集书库/ [索取号:B221.1/126] | 在馆 | |
| 8 | 0249798 | 000508052 | 第一借阅区/ [索取号:B221.1/126] | 在馆 | |
| 9 | 0249799 | 001876205 | 密集书库/ [索取号:B221.1/126] | 在馆 | |
| 10 | 0249800 | 001876250 | 密集书库/ [索取号:B221.1/126] | 在馆 | |
| 11 | 0249801 | 001876269 | 密集书库/ [索取号:B221.1/126] | 在馆 | |
| 12 | 0249802 | 001876152 | 密集书库/ [索取号:B221.1/126] | 在馆 | |
| 13 | 0249803 | 001876161 | 密集书库/ [索取号:B221.1/126] | 在馆 |